Logos des clubs de football par lettre - K - Statistiques

Statistiques générales
  • Ce quiz a été pris 38 fois
  • Le résultat moyen est 5 sur 16
Statistiques - réponses
Par images Réponse % Correct
FK Krasnodar
83%
1. FC Kaiserslautern
61%
Kaïrat Almaty
56%
Sporting {Kansas} {City}
47%
Karlsruher SC
42%
Kasımpaşa
36%
Kayserispor
36%
Konyaspor
31%
Kilmarnock
22%
Kashima Antlers
17%
KuPS
17%
Kawasaki Frontale
14%
Kashiwa Reysol
6%
Kristiansund
6%
Kyoto Sanga
6%
Kickers d'Offenbach
3%
Aucun quiz correspondant
Distribution des résultats
% des personnes avec chaque résultat
Percentile par nombre de réponses
Votre historique - résultats
Vous n’avez pas pris ce quiz